| 000 | 00857nas a2200277 4500 | ||
|---|---|---|---|
| 001 | BR0706531 | ||
| 003 | BR-BrBNA | ||
| 005 | 20231205112137.0 | ||
| 007 | ta | ||
| 008 | 230509b bl.|||p| |||| 00| 00por d | ||
| 040 |
_aBR-BrBNA _bpor _cBiblioteca Nacional de Agricultura |
||
| 041 | _a(Pt) | ||
| 072 | _aL60; H10 | ||
| 100 | 1 | _aPereira, M.J.B. | |
| 100 | 1 | _aAnjos, N. dos | |
| 100 | 1 | _aLino Neto, J. | |
| 245 | 1 | _aDeterminação do número de instares larvais da broca da semente de graviola Bephratelloides pomorum (FAB.)(Hymenoptera: Eurytomidae) | |
| 650 | _aPRAGA DE PLANTA | ||
| 650 | _aLARVA | ||
| 650 | _aSEMENTE | ||
| 650 | _aGRAVIOLA | ||
| 650 | _aPOPULAÇÃO | ||
| 773 | 0 |
_tNeotropical Entomology (Brazil) _xISSN 0001-1944 _g(1998), v. 23 p. 165-170 _wBR0706531 |
|
| 909 |
_a202311 _bLúcia _c55 _dLúcia Elande |
||
| 942 |
_2AGRIS _n0 _cANA |
||
| 999 |
_c196327 _d196327 |
||